Statistics for Rho Class

Click here to take the quiz!

General Stats

  • This quiz has been taken 4 times
  • The average score is 9 of 14

Answer Stats

Answer% Correct
Carson Rudy
100%
Finley Jackson
67%
Gavin Le Moigne
67%
Isiah Lyons
67%
Jake diTargiani
67%
Jesse Brenner
67%
Mathias Marcucci
67%
Nick Salstrom
67%
Nick Zaetta
67%
Pono Birnie
67%
Reid Terrile
67%
Remy Wood
67%
Max Morville
33%
Miles Fujimoto
33%

Score Distribution

Percentile by Number Answered

Percent of People with Each Score

Your Score History

You have not taken this quiz